000 00804nam a22002177a 4500
999 _c271
_d271
003 AR-CdUCM
008 190222b ||||| |||| 00| 0 spa d
040 _aMUNICIPALIDAD PROVINCIAL DEL CUSCO
_cBIBLIOTECA MUNICIPAL DEL CUSCO
082 _a869.56 /
_bC26
100 _aCardenas Menacho, Lucho
_91151
245 _aHéroes de ceniza /
260 _aPeru :
_bEdit.Universo,
_c1974.
300 _a447 paginas ;
_c20.5 cm.
505 _aLa vida cotidiana ,con el hacer diario lleno de convicción con la debida madurez para buscar el valiente camino del despójate de todo y síguete a ti mismo ...
650 _aLiteraturfa peruana
_91152
650 _aPeriodo contemporáneo
_91153
650 _aSubjetivismo
_91154
650 _aNuevos rumbos
_91155
942 _2ddc
_cLIBROS
945 _arjall
_d2019-02-22